000 00663nam a2200205Ia 4500
003 IN-BaIIA
008 211028s9999 xx 000 0 eng d
020 _a9399-251-10201
040 _cIIA Library
080 _a(035)621.38
_bPHI-69:1
110 _aPhilips Gloeilanapenfabrieken
_96238
245 0 _aPhillps data and Handbook
_bpt. 1, semiconductors and integrated circuits- diodes and thyristors
_cPhilips Gloeilanapenfabrieken
260 _aNetherland
_bTechnical Publications Department
_c1969
300 _a[various pagings.]
650 _aCircuits
_91974
650 _aDiodes
_94524
650 _aNASA Thesaurus
650 _aSemiconductors
942 _cBK
999 _c3522
_d3522